000 00269nam a2200097Ia 4500
001 644231
005 20250826153600.0
008 250824s9999 xx 000 0 und d
245 0 _aSEKSEN GÜNDE DÜNYA TURU GENÇLİK KLASİKLERİ
_cJULES VERNE
260 _bTİMAŞ ÇOCUK
999 _c644231
_d644231